000 00298nam a22001337a 4500
008 171012b xxu||||| |||| 00| 0 eng d
020 _a9780495006893
041 _aeng
080 _26TH
_a316
100 _a50
101 _aSOC
245 _aRACE, CLASS, & GENDER
_cANDERSEN.M.L
942 _2udc
_cBK
999 _c33268
_d33268